000
00214nam a2200097Ia 4500
008
170619s9999 xx 000 0 und d
100
_a
Kraus J D
245
0
_a
Electromagnetics
260
_b
New Delhi: TMH
260
_c
1999
546
_a
ENGLISH
999
_c
16389
_d
16389